Polovodičové součástky typu MIS /

Enregistré dans:
Détails bibliographiques
Auteur principal: Marciniak, Wieslaw (Auteur)
Format: Livre
Langue:tchèque
Publié: Praha : SNTL, 1979
Édition:1.vyd.
Sujets:
Tags: Ajouter un tag
Pas de tags, Soyez le premier à ajouter un tag!

MARC

LEADER 00000nam a22000003a 4500
001 stu38944
005 20150617225725.8
008 921202s1979----cs------------------cze-d
040 |a STU  |b slo 
041 0 |a cze 
044 |a cs 
080 |a 621.382 
100 1 |a Marciniak, Wieslaw  |4 aut 
245 1 |a Polovodičové součástky typu MIS /  |c [aut.]Wieslaw Marciniak 
250 |a 1.vyd. 
260 |a Praha :  |b SNTL,  |c 1979 
300 |a 358 s 
650 7 |a polovodiče  |2 stusub 
650 7 |a súčiastky typu MIS  |2 stusub 
650 7 |a Súčiastky polovodičové  |2 stusub 
996 |b 284M047488  |c M*1532-1  |l MMKN  |s A  |a 24  |w stu38944_0001